| 000 | 00398nam a2200157Ia 4500 | ||
|---|---|---|---|
| 008 | 220803s9999 xx 000 0 und d | ||
| 020 | _a81-207-2770-3 | ||
| 041 | _aeng | ||
| 082 | _a820 VAS | ||
| 100 |
_aVaswani J P _915524 |
||
| 245 | _aGod In Quest Of Man | ||
| 260 |
_aNew Delhi _bSterling Paperbacks _c2004 |
||
| 300 | _a172p | ||
| 500 | _aArchitecture | ||
| 650 |
_aEnglish Literature _915525 |
||
| 999 |
_c11392 _d11392 |
||